Orden natural y persona humana: la singularidad y jerarquía del Universo según Mariano Artigas

I tiakina i:
Ngā taipitopito rārangi puna kōrero
Kaituhi matua: Karol, Miroslaw (Author)
Hōputu: Pukapuka
Reo:Pāniora
I whakaputaina: Pamplona EUNSA 2000
Putanga:1a. ed
Rangatū:Filosofía
Ngā marau:
Ngā Tūtohu: Tāpirihia he Tūtohu
Kāore He Tūtohu, Me noho koe te mea tuatahi ki te tūtohu i tēnei pūkete!

MARC

LEADER 00000cam a2200000 a 4500
001 UCF3656
003 CL-VaPUC
008 121025e20000600SP |||||||||||||||||spa|d
020 |a 8431317965 
082 0 4 |a 111  |b KAR  |2 21 
100 0 |a Karol, Miroslaw  |e author  |9 565397 
245 1 0 |a Orden natural y persona humana: la singularidad y jerarquía del Universo según Mariano Artigas 
250 |a 1a. ed 
300 |a 297 P 
942 |c BK 
945 |d 20121025 00:00:00  |a dcastane 
260 |a Pamplona  |b EUNSA  |c 2000 
650 0 |a Ontología   |9 256850 
650 7 |a SER  |2 CL-VaPUC  |9 320176 
650 7 |a PERSONA  |2 CL-VaPUC  |9 327934 
583 |a last modification  |c 20121025 12:11:00  |k Rodrigo Vera 
490 0 |a Filosofía 
999 |c 349846  |d 349844 
952 |0 0  |1 0  |4 0  |6 111_000000000000000_KAR_2000  |7 0  |8 A  |9 452653  |a BIBEDU  |b BIBEDU  |d 2019-11-22  |i 4916514  |o 111 KAR 2000  |p 4916514  |r 2019-11-22  |w 2019-11-22  |y BK  |k EPE